Á lódáil...

Dakishinendiayile mahakshethrangal /

Sonraí Bibleagrafaíochta
Príomhúdar: Rajendran, P.G
Formáid: Printed Book
Teanga:Malayalam
Foilsithe: Kottayam : DC books 2012.
Ábhair:
LEADER 00625nam a22001817a 4500
008 160421b xxu||||| |||| 00| 0 mal d
020 |a 9788126434725  |c INR 
082 |a 294.535  
100 |a Rajendran, P.G. 
245 |a Dakishinendiayile mahakshethrangal /  |c P.G.Rajendran 
260 |a Kottayam :  |b DC books  |c 2012. 
300 |a 528 p. ; 
650 |a Sacred places  |v Hindusim  |x Religion 
653 |a Malayalam 
942 |c BK 
546 |a In malayalam 
999 |c 284965  |d 284965 
952 |0 0  |1 0  |4 0  |6 294_535000000000000_RAJ_D  |7 0  |9 323330  |a FLK  |b FLK  |c ST1  |d 2016-04-21  |e BK  |g 295.00  |i 4546  |l 0  |o 294.535 RAJ/D  |p FLK4546  |r 2016-04-21  |w 2016-04-21  |y BK